Siatkówka: TEST - Statystyki

Ogólne statystyki
  • Ten quiz został rozwiązany 382 razy
  • Średni wynik to 4 z 19
Statystyki odpowiedzi
Pozycja Klub Reprezentacja Największe Osiągnięcie Zawodnik % Poprawnych
Przyjmujący Panasonic Panthers - Mistrzostwa Świata(Złoto) - 2014, 2018 Kubiak
80%
- Skra Bełchatów Polska Mistrzostwa Świata(Złoto) - 2014 Kłos
53%
Rozgrywający - Francja Igrzyska Olimpijskie(Złoto) - 2020 Brizard
51%
- Skra Bełchatów Serbia Liga Włoska(Złoto) - 2018 Atanasijević
43%
- Shoes Modena Kuba / Brazylia Klubowe Mistrzostwa Świata(Złoto) - 2013, 2015, 2016, 2019 Leal
31%
Przyjmujący Itas Trentino Bułgaria Klubowe Mistrzostwa Świata(Złoto) -2009, 2010, 2011, 2012 Kazijski
29%
Środkowy Lube Civitanova - Klubowe Mistrzostwa Świata(Złoto) - 2016, 2019 Simon
26%
Przyjmujący - Holandia / Włochy Liga Mistrzów(Srebro) - 2021 Kooy
17%
- Gas Sales Piacenza USA Klubowe Mistrzostwa Świata(Złoto) - 2018 Russel
15%
- Afyon Belediye Yuntas Argentyna Igrzyska Olimpijskie(Brąz) - 2020 Lima
12%
- Zenit Kazań Rosja Igrzyska Olimpijskie(Złoto) - 2012 Michajłow
12%
Rozgrywający Kioene Padwa - Igrzyska Olimpijskie(Brąz) - 2016 Shoji
11%
- AZS Olsztyn Iran Puchar Azji(Srebro) - 2018 Salehi
10%
Atakujący Gas Sales Piacenza - Mistrzostwa Europy(Srebro) - 2019 Stern
9%
Środkowy Allianz Milano - Igrzyska Olimpijskie(Złoto) - 2020 Chinenyeze
8%
- PAOK Saloniki Łotwa / Białoruś Klubowe Mistrzostwa Świata(Brąz) - 2018 Udrys
6%
Środkowy - Estonia Liga Belgijska(Złoto) - 2018, 2019 Tammemaa
4%
Środkowy - Japonia Mistrzostwa Azji(Złoto) - 2015, 2017 Yamauchi
4%
Przyjmujący Arkas Spor Izmir - Liga Włoska(Srebro) - 2019 Hoag
2%
Nie znaleziono quizów pasujących do podanych kryteriów
Rozkład punktacji
Procent ludzi z każdym wynikiem
Percentyl według liczby udzielonych odpowiedzi
Twoja historia wyników
Nie rozwiązałeś tego quizu